عرض عادي
عرض مارك
- المدينة المنورة
مدخل مصطلح موضوعي
001 - رقم الضبط
- حقل الضبط: 65061
003 - معرف رقم الضبط
- حقل الضبط: OSt
005 - تاريخ ووقت أخر عملية
- حقل الضبط: 20181217185322.0
008 - عناصر بيانات ثابتة الطول
- حقل تحكم ثابت الطول: 181217|| aca||aabn | a|a d
040 ## - مصدر الفهرسة
- هيئة الفهرسة الأصلية: OSt
- وكالة الكتابة: OSt
150 ## - مدخل-- مصطلح تاريخي
- عنصر مدخل المصطلح الموضوعي او الاسم الجغرافي: المدينة المنورة
670 ## - بيانات المصدر موجوده
- الاستشهاد بالمصدر: Work cat.: (OSt): عبيد، إبراهيم أحمد مكي 65059, العلم في معرفة حدود الحرم (النبوي) /, 2017
